Češi a Slováci v Chile ve 20. století

Titel: Češi a Slováci v Chile ve 20. století / Jiří Jiránek ; Ivo Barteček
Verfasser:
Beteiligt:
Ausgabe: Vyd. 1.
Veröffentlicht: Olomouc : Univ. Palackého, 2012
Umfang: 266 S. : Kt.
Format: Buch
Sprache: Tschechisch
Schlagworte:
ISBN: 9788024431499 ; 8024431491
Buchumschlag
X
Lokale Klassifikation: 23 3 D ; 24 3 D ; 22 3 H ; 22 3 G ; 57 Chile
alg: 31385529
001A    $03004:06-12-12 
001B    $06055:06-03-26 $t21:19:36.000 
001C    $03004:24-07-13 $t08:44:47.000 
001D    $03004:24-07-13 
001U    $0utf8 
001X    $00 
002@    $0Aau 
003@    $0313855293 
004A    $A978-80-244-3149-9 
004A    $080-244-3149-1 
007A    $0313855293 $aHEB 
007G    $0DE020B8B8A4D2143B3439C1257BB7004371DC 
009P    $qapplication/pdf $A2 $3Inhaltsverzeichnis $uhttp://scans.hebis.de/HEBCGI/show.pl?31385529_toc.pdf $mV:DE-603;B:DE-Mb50 
010@    $acze 
011@    $a2012 $n2012 
021A    $aČeši a Slováci v Chile ve 20. století $hJiří Jiránek ; Ivo Barteček 
028A    $71028274165 $8Jiránek, Jiří$Z1946- [Tp3] $9313444994 
028B/01 $7143761129 $8Barteček, Ivo$Z1953- [Tp1] $9232863660 
032@    $aVyd. 1. 
033A    $pOlomouc $nUniv. Palackého 
034D    $a266 S. 
034M    $aKt. 
044K    $RSlowakin $#Slovaks $#Slovaques $#Slowaken $#Slowake $#Slowaken $D20251120 $Ecgmnf $74055298-6 $8Slowaken [Ts1] $9085153842 
044K    $RTschechin $#Czechs $#Tchèques $#Tschechen $#Tscheche $#Tschechen $#Czechs $D20251120 $Ecgmnf $74061083-4 $8Tschechen [Ts1] $9085169609 
044K    $#Chile $#Chile $#Chile $#Königreich Chile $#República de Chile $#Republik Chile $D20251120 $Ecgmnf $74009929-5 $8Chile [Tg1] $9085019283 
045F    $a305.80094371 $eDDC23BSB 
045F/01 $a305.8009 
045F/03 $g4371 
045F/03 $g4373 
045G    $a306.09437 $eDDC23BSB 
045G/01 $a306.09 
045G/03 $g437 
046M    $aLiteraturverz. S. 248 - 254 

lok: 31385529 24
101B    $024-07-13 $t08:44:47.000 
101C    $024-07-13 
101U    $0utf8 
145Z/01 $a23 3 D 
145Z/02 $a24 3 D 
145Z/03 $a22 3 H 
145Z/04 $a22 3 G 
145Z/05 $a57 Chile 

exp: 31385529 24 1 #EPN
201B/01 $024-07-13 $t08:44:47.000 
201C/01 $006-12-12 
201U/01 $0utf8 
203@/01 $0658965980 
208@/01 $a24-07-13 $bz 
209A/01 $a13.01324 $du $f050 $h13 01324 $x00 
209C/01 $a13.01324 K $h13 01324 K 
209G/01 $a73035554 $x00 
220C/01 $akon 
247C/01 $8358050-7 Marburg, Bibliothek des Herder-Instituts Marburg $9102600961
LEADER 00000cam a2200000 c 4500
001 313855293
003 DE-603
005 20260306211936.0
007 tu
008 121206s2012 xx |||| | u00||u|cze c
020 |a 9788024431499 
020 |a 8024431491 
035 |a (DE-599)HEB313855293 
040 |a DE-603  |b ger  |c DE-603  |d DE-603 
041 |a cze 
082 0 4 |8 1\u  |a 305.80094371  |q DE-101  |2 23/BSB 
083 0 |8 2\u  |a 306.09437  |q DE-101  |2 23/BSB 
085 |8 1\u  |b 305.8009 
085 |8 1\u  |z 2  |s 4371 
085 |8 1\u  |z 2  |s 4373 
085 |8 2\u  |b 306.09 
085 |8 2\u  |z 2  |s 437 
100 1 |a Jiránek, Jiří  |d 1946-  |0 (DE-603)313444994  |0 (DE-588)1028274165  |2 gnd 
245 0 0 |a Češi a Slováci v Chile ve 20. století  |c Jiří Jiránek ; Ivo Barteček 
250 |a Vyd. 1. 
264 1 |a Olomouc  |b Univ. Palackého  |c 2012 
300 |a 266 S.  |b Kt. 
504 |a Literaturverz. S. 248 - 254 
650 7 |a Slowaken  |0 (DE-588)4055298-6  |0 (DE-603)085153842  |2 gnd 
650 7 |a Tschechen  |0 (DE-588)4061083-4  |0 (DE-603)085169609  |2 gnd 
651 7 |a Chile  |0 (DE-588)4009929-5  |0 (DE-603)085019283  |2 gnd 
700 1 |a Barteček, Ivo  |d 1953-  |0 (DE-603)232863660  |0 (DE-588)143761129  |2 gnd 
856 4 2 |m V:DE-603;B:DE-Mb50  |q application/pdf  |u http://scans.hebis.de/HEBCGI/show.pl?31385529_toc.pdf  |3 Inhaltsverzeichnis 
924 0 |9 Mb 50  |a (DE-603)658965980  |b DE-Mb50  |c HES  |d c  |g 13.01324